Let battle commence (Record no. 74740)
[ view plain ]
| 000 -LEADER | |
|---|---|
| fixed length control field | 01064cab a2200217 4500 |
| 001 - CONTROL NUMBER | |
| control field | ABS68636 |
| 008 - FIXED-LENGTH DATA ELEMENTS--GENERAL INFORMATION | |
| fixed length control field | 050124n2005 000 0 eng u |
| 035 ## - SYSTEM CONTROL NUMBER | |
| System control number | (Sirsi) u128585 |
| 245 ## - TITLE STATEMENT | |
| Title | Let battle commence |
| 260 ## - PUBLICATION, DISTRIBUTION, ETC. | |
| Date of publication, distribution, etc. | 2005 |
| 490 ## - SERIES STATEMENT | |
| Series statement | Inside Housing |
| Volume/sequential designation | 22(1) 7 January 2005, 16-20(5) |
| 520 ## - SUMMARY, ETC. | |
| Summary, etc. | Presents the results of a telephone survey of the views of senior council housing and housing association staff on the government housing record. Tables cover responses to questions on the big housing issues, new housing sector ideas in 2004, the biggest challenges facing the sector in 2005 and the prevailing mood in the sector. Concludes that the majority of the sector is at least relatively pleased with the government performance so far and at least two-thirds of senior housing professionals want Labour to win the forthcoming election. |
| 590 ## - LOCAL NOTE (RLIN) | |
| Local note | ABS |
| 650 ## - SUBJECT ADDED ENTRY--TOPICAL TERM | |
| Topical term or geographic name entry element | SOCIAL HOUSING |
| 650 ## - SUBJECT ADDED ENTRY--TOPICAL TERM | |
| Topical term or geographic name entry element | HOUSING ASSOCIATIONS |
| 650 ## - SUBJECT ADDED ENTRY--TOPICAL TERM | |
| Topical term or geographic name entry element | SURVEYS |
| 650 ## - SUBJECT ADDED ENTRY--TOPICAL TERM | |
| Topical term or geographic name entry element | GOVERNMENT POLICIES |
| 650 ## - SUBJECT ADDED ENTRY--TOPICAL TERM | |
| Topical term or geographic name entry element | HOUSING POLICIES |
| 690 ## - LOCAL SUBJECT ADDED ENTRY--TOPICAL TERM (OCLC, RLIN) | |
| Topical term or geographic name as entry element | HOUSING |
| 942 ## - ADDED ENTRY ELEMENTS (KOHA) | |
| Suppress in OPAC | 0 |
| Withdrawn status | Lost status | Source of classification or shelving scheme | Damaged status | Not for loan | Home library | Current library | Shelving location | Date acquired | Total Checkouts | Full call number | Barcode | Date last seen | Copy number | Price effective from | Koha item type |
|---|---|---|---|---|---|---|---|---|---|---|---|---|---|---|---|
| Dewey Decimal Classification | London | London | Journal article | 24/01/2005 | ABS68636 | 128585-1001 | 06/08/2019 | 1 | 06/08/2019 | Journal article |